Corporate governance in Asia 2011 progress and challenges

Uložené v:
Podrobná bibliografia
Médium: Kniha
Jazyk:English
Vydavateľské údaje: Paris OECD 2011
Edícia:Corporate governance
Predmet:
Tagy: Pridať tag
Žiadne tagy, Buďte prvý, kto otaguje tento záznam!

MARC

LEADER 00000nam a2200000 4500
001 0142439
005 20240315120459.1
020 |a 978-92-64-09678-3 
041 0 |a eng 
044 |a FR 
245 1 0 |a Corporate governance in Asia 2011  |b progress and challenges 
264 1 |a Paris  |b OECD  |c 2011 
300 |a 85 s. 
490 1 |a Corporate governance 
830 0 |a Corporate governance 
610 2 0 |a správa podniku 
610 2 0 |a správa spoločnosti 
610 2 0 |a kontrola riadenia 
610 2 0 |a riadenie podnikové 
610 2 0 |a rozvoj hospodársky 
610 2 0 |a Ázia